poster boy - Lyn Lapid (All Lyrics) - Statistics

General Stats
  • This quiz has been taken 35 times
  • The average score is 172 of 206
Answer Stats
Hint Answer % Correct
a
100%
at
100%
be
100%
have
100%
Have
100%
I
100%
My
100%
my
100%
the
100%
The
100%
to
100%
you
100%
You
100%
your
100%
before
93%
But
93%
don't
93%
for
93%
me
93%
never
93%
Intro Saw
93%
see
93%
seen
93%
think
93%
we
93%
boy
87%
corner
87%
How
87%
it's
87%
Chorus It's
87%
like
87%
meet
87%
nice
87%
of
87%
poster
87%
so
87%
So
87%
store
87%
that
87%
an
80%
and
80%
And
80%
In
80%
just
80%
life
80%
love
80%
met
80%
scent
80%
were
80%
we've
80%
can
73%
Caught
73%
'cause
73%
end
73%
eyes
73%
got
73%
I'll
73%
Looking
73%
on
73%
shampoo
73%
wearing
73%
You'll
73%
all
67%
(All
67%
death
67%
good
67%
Bridge | Pre-Chorus Know
67%
know
67%
next
67%
now
67%
up
67%
With
67%
Yeah
67%
about
60%
call
60%
confess
60%
corduroy
60%
could
60%
enemy
60%
feeling
60%
fool
60%
gotta
60%
greatest
60%
killer
60%
loose
60%
news
60%
who's
60%
along
53%
along)
53%
care
53%
day
53%
known
53%
thinking
53%
wishful
53%
another
47%
from
47%
lifetime
40%
am
33%
Verse Are
33%
Or
20%
No matching quizzes found
Score Distribution
Percent of People with Each Score
Percentile by Number Answered
Your Score History
You have not taken this quiz